000 00893caa a22002417a 4500
999 _c419287
_d419287
001 131118
003 UA-OsUOA
005 20200127095857.0
007 ta
008 20180522b un ||||| |||| 00| 0 ukr d
040 _aUA-OsUOA
_bukr
_cUA-OsUOA
_dUA-OsUOA
041 _aukr
080 _a908
090 _a908
_bР25
100 _aРатнюк Н.
245 _aБратскі освітні школи на Волині в другій половині XVI – на початку XVIІ ст.
_cН. Ратнюк
300 _aС. 17–20
650 7 _a908 Краєзнавство
_2UDC
942 _cBKA
_2udc
955 _a1
773 0 _0387794
_9411657
_a
_b
_dОстрог НаУОА 2013
_o143116
_tАктуальні питання історії та культури України
_w(UA-OsUOA) 101686
_x
_z